Personnages joués par Robin Williams par images (Click Quiz) - Statistiques

Statistiques générales
  • Ce quiz a été pris 90 fois
  • Le résultat moyen est 11 sur 25
Statistiques - réponses
Hint Extra Hint Réponse % Correct
Hook ou la revanche du Capitaine Crochet Cliquez sur la bon personnage
94%
La Nuit au musée Cliquez sur la bon personnage
91%
Madame Doubtfire Cliquez sur la bon personnage
91%
Le Cercle des poètes disparus Cliquez sur la bon personnage
84%
Popeye Cliquez sur la bon personnage
83%
Jumanji Cliquez sur la bon personnage
77%
Good Morning, Vietnam Cliquez sur la bon personnage
75%
Will Hunting Cliquez sur la bon personnage
73%
Flubber Cliquez sur la bon personnage
53%
L'Homme bicentenaire Cliquez sur la bon personnage
50%
Le Majordome Cliquez sur la bon personnage
44%
Docteur Patch Cliquez sur la bon personnage
41%
La Dernière Passe Cliquez sur la bon personnage
38%
Jack Cliquez sur la bon personnage
36%
L'Éveil Cliquez sur la bon personnage
28%
Les Survivants Cliquez sur la bon personnage
25%
Crève, Smoochy, crève ! Cliquez sur la bon personnage
23%
Neuf Mois aussi Cliquez sur la bon personnage
23%
Photo Obsession Cliquez sur la bon personnage
20%
Final Cut Cliquez sur la bon personnage
14%
Insomnia Cliquez sur la bon personnage
13%
Au-delà de nos rêves Cliquez sur la bon personnage
13%
Le Monde selon Garp Cliquez sur la bon personnage
9%
Cadillac Man Cliquez sur la bon personnage
8%
Fisher King - Le Roi pêcheur Cliquez sur la bon personnage
5%
Aucun quiz correspondant
Distribution des résultats
% des personnes avec chaque résultat
Percentile par nombre de réponses
Votre historique - résultats
Vous n’avez pas pris ce quiz